Peep Show Quiz 9 - Statistics

General Stats
  • This quiz has been taken 273 times
  • The average score is 8 of 15
Answer Stats
Hint Answer % Correct
Who is the most famous person Jez has lifecoached? The Queen
94%
What does Mark throw out the window whilst high on cocaine? IPad
90%
What popular game does Mark not realise sends a facebook notification each time? Candy Crush
84%
What is the name of Mark’s new housemate? Jerry
84%
What is the name of April’s husband? Angus
82%
Mark tries to blag his dinner parts by claiming it is what cuisine? Moroccan
78%
What type of cake is curiously always missing from the New York Cafe? Carrot Cake
66%
What is the name of Super Hans’ wife? Molly
61%
Where is super Hans going to van it to? Macedonia
40%
And what do Mark and his housemate call themselves? The Rebound Brothers
34%
Mark and April have sex in the disabled toilets where? Kid Kave
33%
What Norfolk town does Jez get the coach to for Super Hans’ wedding? Kings Lynn
21%
Where has Waidy been working? Centre Parcs
16%
What random gift does Jez give Super Hans when he goes to his flat? Panettone
14%
Jez tries to energise himself by drinking what? His wee
9%
No matching quizzes found
Score Distribution
Percent of People with Each Score
Percentile by Number Answered
Your Score History
You have not taken this quiz